[Event "XXVII OOM - Mistrzostwa Polski Juniorow Mlodszych - Chlopcy do lat 14"]
[Site "ApartHotel Termy Uniejow, ul. Termalna 1, 99-210 Uniejow"]
[Date "1899-12-30"]
[Round "9.21"]
[White "Ugorek, Kacper"]
[Black "Partyka, Wiktor"]
[Result "1/2-1/2"]
[WhiteTitle "I"]
[BlackTitle "II"]
[WhiteElo "1569"]
[BlackElo "1254"]

1. e4 e6 2. d4 d5 3. Nc3 Nf6 4. e5 Nfd7 5. f4 c5 6. Nf3 Nc6 7. Be3 cxd4 8. Nxd4
Bc5 9. Qd2 O-O 10. Be2 Nxd4 11. Bxd4 Qb6 12. Na4 Qc6 13. Nxc5 Nxc5 14. Qe3 b6
15. O-O Ne4 16. c3 Bb7 17. Rf3 Qa4 18. Bd1 Qb5 19. b3 Rac8 20. a4 Qd7 21. Be2
Rfd8 22. Rc1 Nc5 23. Rb1 Qe7 24. a5 Ne4 25. axb6 axb6 26. b4 Rc6 27. Bb5 Rc7 28.
Bxb6 Rxc3 29. Bxd8 Qxd8 30. Qd4 Rc2 31. Bd3 Rd2 32. Qe3 h6 33. Qa7 Qc8 34. Re1
Nc3 35. Qe3 Ne4 36. Bxe4 dxe4 37. Qxd2 exf3 38. gxf3 Bxf3 39. Re3 Bd5 40. Rc3
Qb7 41. Rc1 Qa7+ 42. Qf2 Qa3 43. Rc8+ Kh7 44. Qd2 Qa7+ 45. Rc5 Qa1+ 46. Rc1 Qa7+
47. Kf1 Qa3 48. Qc3 Qa6+ 49. Kf2 Qa7+ 50. Kg3 Be4 51. Re1 Bd5 52. b5 Qa2 53. Qd3+
g6 54. Re2 Qa5 55. Kf2 Qb4 56. Ke3 Bc4 57. Qd2 Qc5+ 58. Kf3 Bd5+ 59. Kg3 Qg1+
1/2-1/2

[Event "XXVII OOM - Mistrzostwa Polski Juniorow Mlodszych - Chlopcy do lat 14"]
[Site "ApartHotel Termy Uniejow, ul. Termalna 1, 99-210 Uniejow"]
[Date "1899-12-30"]
[Round "9.22"]
[White "Jendrowiak, Maciej"]
[Black "Nagly, Wojciech"]
[Result "1-0"]
[WhiteTitle "II+"]
[BlackTitle "II"]
[WhiteElo "1472"]
[BlackElo "1514"]

1. e4 c5 2. c3 Nf6 3. e5 Nd5 4. Nf3 Nc6 5. Bc4 Nb6 6. Bb3 c4 7. Bc2 d5 8. exd6
exd6 9. O-O Be7 10. d4 Bg4 11. a4 a6 12. Na3 d5 13. Re1 O-O 14. Bf4 h6 15. h3
Bxa3 16. Rxa3 Qf6 17. Be3 Bxf3 18. Qxf3 Qxf3 19. gxf3 Rae8 20. Raa1 Re7 21. Kh2
Rfe8 22. Rg1 Kh8 23. Rg2 Rg8 24. Rag1 Ree8 25. Rg4 Re6 26. Rf4 Nd8 27. a5 Nc8
28. Bf5 Rc6 29. Bxc8 Rxc8 30. Rf5 Re8 31. Rxd5 Ne6 32. Ra1 Rcd8 33. Rxd8 Rxd8
34. Ra4 Rc8 35. Rb4 Nd8 36. d5 Kg8 37. Kg3 f6 38. Kf4 Kf7 39. Ke4 Ke7 40. Kd4
g5 41. Rxc4 Rxc4+ 42. Kxc4 Kd6 43. Kd4 Nf7 44. c4 Ne5 45. f4 Nf3+ 46. Ke4 Ng1
47. fxg5 fxg5 48. f4 Nxh3 49. fxg5 hxg5 50. Kf5 Nf4 51. Bxf4+ gxf4 52. Kxf4 Kc5
53. Ke5 Kxc4 54. d6 Kb5 55. d7 Kxa5 56. d8=Q+ Kb5 57. Kd5 b6 58. Qc8 Ka5 59. b3
b5 60. Kc5 b4 61. Qc7# 1-0

[Event "XXVII OOM - Mistrzostwa Polski Juniorow Mlodszych - Chlopcy do lat 14"]
[Site "ApartHotel Termy Uniejow, ul. Termalna 1, 99-210 Uniejow"]
[Date "1899-12-30"]
[Round "9.23"]
[White "Leszcz, Mateusz"]
[Black "Turowski, Maciej"]
[Result "1/2-1/2"]
[WhiteTitle "II"]
[BlackTitle "II"]
[WhiteElo "1386"]
[BlackElo "1447"]

1. d4 d5 2. Bf4 Nf6 3. e3 g6 4. Nf3 Bg7 5. h3 O-O 6. Bd3 b6 7. c3 Bb7 8. Nbd2 Nfd7
9. O-O c5 10. Re1 Nc6 11. Bb5 a6 12. Bxc6 Bxc6 13. Ne5 Nxe5 14. Bxe5 f6 15. Bg3
e5 16. Rc1 e4 17. c4 cxd4 18. exd4 Rc8 19. cxd5 Qxd5 20. Nc4 Bb7 21. Nxb6 Rxc1
22. Qxc1 Qxd4 23. Qc4+ Qxc4 24. Nxc4 f5 25. Rd1 f4 26. Bh4 Bc6 27. b3 Bb5 28.
Nd6 Bd3 29. f3 Be2 30. Rd2 exf3 31. gxf3 Bxf3 32. Kf2 Bc6 33. Be7 Rb8 34. Nc4
Kf7 35. Bd6 Rd8 36. Bxf4 Bd4+ 37. Kg3 Kg8 38. Na5 Be4 39. Nc4 Bf6 40. Nd6 Bc6
41. Rc2 Bd7 42. Rc7 g5 43. Bxg5 Bxg5 44. Nb7 Be7 45. Kg2 Bxh3+ 1/2-1/2

[Event "XXVII OOM - Mistrzostwa Polski Juniorow Mlodszych - Chlopcy do lat 14"]
[Site "ApartHotel Termy Uniejow, ul. Termalna 1, 99-210 Uniejow"]
[Date "1899-12-30"]
[Round "9.24"]
[White "Miler, Franciszek"]
[Black "Wasilewski, Stanislaw"]
[Result "1-0"]
[WhiteTitle "I"]
[BlackTitle "II"]
[WhiteElo "1517"]
[BlackElo "1319"]

1. e4 c5 2. c3 Nf6 3. e5 Nd5 4. Nf3 Nc6 5. Bc4 e6 6. d4 cxd4 7. cxd4 d6 8. O-O
Be7 9. Qe2 O-O 10. Bd2 a6 11. Nc3 Nxc3 12. Bxc3 d5 13. Bd3 b6 14. a3 Bb7 15. g3
h6 16. Bc2 Re8 17. h4 f5 18. exf6 Bxf6 19. Qd3 Kf8 20. Ne5 Bxe5 21. dxe5 d4 22.
Qf3+ Kg8 23. Qe4 Qd7 24. Qh7+ Kf8 25. Bg6 dxc3 26. Qh8+ Ke7 27. Qxg7+ Kd8 28.
Rad1 Nd4 29. Qxd7+ Kxd7 30. Rxd4+ Ke7 31. Bxe8 Rxe8 32. bxc3 Rc8 33. Rc1 Rc5 34.
f4 Ra5 35. a4 Rc5 36. Kf2 b5 37. axb5 Rxb5 38. Rb4 Bd5 1-0

[Event "XXVII OOM - Mistrzostwa Polski Juniorow Mlodszych - Chlopcy do lat 14"]
[Site "ApartHotel Termy Uniejow, ul. Termalna 1, 99-210 Uniejow"]
[Date "1899-12-30"]
[Round "9.25"]
[White "Kubik, Rafal"]
[Black "Garwacki, Kornel"]
[Result "1-0"]
[WhiteTitle "I"]
[BlackTitle "I"]
[WhiteElo "1738"]
[BlackElo "1478"]

1. c4 e5 2. Nc3 Nc6 3. e4 Bc5 4. g3 d6 5. Bg2 Be6 6. d3 Nge7 7. Nge2 Qd7 8. Nd5
Bxd5 9. exd5 Nd4 10. Nxd4 Bxd4 11. O-O O-O 12. Rb1 a5 13. Kh1 c6 14. dxc6 bxc6
15. Bd2 a4 16. Be3 Bxe3 17. fxe3 d5 18. Qc2 f5 19. b4 axb3 20. axb3 Ra7 21. d4
e4 22. Rf2 Rfa8 23. Bf1 Ra3 24. Qc1 g6 25. Rc2 R3a7 26. cxd5 cxd5 27. b4 Rc8 28.
Rc5 Rb7 29. b5 Rb6 30. Ra1 Rxc5 31. dxc5 Rb8 32. b6 Nc6 33. Bb5 Qb7 34. Qc3 Rd8
35. Qf6 Rc8 36. Bxc6 Rxc6 37. Qd8+ 1-0

[Event "XXVII OOM - Mistrzostwa Polski Juniorow Mlodszych - Chlopcy do lat 14"]
[Site "ApartHotel Termy Uniejow, ul. Termalna 1, 99-210 Uniejow"]
[Date "1899-12-30"]
[Round "9.26"]
[White "Borowik, Karol"]
[Black "Urban, Szymon"]
[Result "1-0"]
[WhiteTitle "II"]
[BlackTitle "II"]
[WhiteElo "1370"]
[BlackElo "1312"]

1. d4 d5 2. c4 e6 3. Nc3 Nf6 4. Bg5 Be7 5. e3 Nbd7 6. Nf3 O-O 7. Qc2 c6 8. Bd3
Re8 9. O-O b6 10. cxd5 exd5 11. Rfe1 Bb7 12. e4 dxe4 13. Nxe4 h6 14. Bh4 Nd5 15.
Bxe7 Nxe7 16. Nd6 Qc7 17. Nxe8 Rxe8 18. Bc4 Nf6 19. Ne5 Ned5 20. a3 Qd6 21. Nf3
Rc8 22. Qf5 Nd7 23. Rac1 Rd8 24. Bxd5 cxd5 25. Rc3 Nb8 26. Ne5 Rf8 27. Rec1 Nc6
28. Nxc6 Bxc6 29. Rxc6 Qe7 30. Rc7 Qe2 31. Rc8 g6 32. Rxf8+ Kxf8 33. Qc2 Qe7 34.
Qc3 Kg7 35. Re1 Qd7 36. b4 Qd6 37. h3 Qd7 38. Ra1 Qd6 39. a4 Qf4 40. Qe3 Qh4 41.
Qe5+ Kh7 42. Qxd5 Qf4 43. Qe5 Qd2 44. Qf6 h5 45. Qxf7+ Kh6 46. Qb3 g5 47. Rd1
Qe2 48. d5 Qe7 49. d6 Qd7 50. Re1 Qc6 51. Qe6+ Kg7 52. Qe7+ Kg8 53. d7 Qc7 54.
d8=R+ Qxd8 55. Qxd8+ Kf7 56. Qe7+ Kg6 57. g4 hxg4 58. hxg4 Kh6 59. Re6# 1-0